00622nam a2200193Ia 4500003000900000008004100009020001800050040001600068080001300084245015500097260003200252300001000284650001400294650004100308650001100349650001700360700002500377700002600402IN-BaIIA211028s9999 xx 000 0 eng d a0-393-06402-6 cIIA Library a523bMAN 0aMan and cosmosbnine Guggenheim lectures on the solar systemcedited by James Cornell and E Nelson Hayes  aNew YorkbW. W Nortonc1975 a191p. aAstronomy aAstronomy and astrophysics thesaurus aCosmos aSolar system aCornell, James., ed. aHayes, E Nelson., ed.